Geography Quiz

Random Geography or City Quiz

Capital Gains Quiz Stats

Quiz Updated Mar 1, 2012

Challenge
Share
Tweet
Embed
Score 0/20 Timer 06:00
3 Plays Today
Word/Phrase Capital City % Correct
MOS*Quito, Ecuador → mosquito
85.5%
OPPOR*TTunis, Tunisia → opportunist
84.6%
KI*TERLomé, Togo → kilometer
81.3%
BA*TERRome, Italy → barometer
81.2%
G*WLYOslo, Norway → go slowly
73.7%
CA*ETBern, Switzerland → cabernet
71.3%
YU*GARINRiga, Latvia → Yuri Gagarin
58.7%
TIL*Apia, Samoa → tilapia
56.4%
C*TELima, Peru → climate
54.9%
HE*Athens, Greece → heathens
53.2%
Word/Phrase Capital City % Correct
OXY*CMoroni, Comoros → oxymoronic
48.8%
COM*ONParis, France → comparison
41%
TIM*EBerlin, Germany → timber line
40.7%
TA*Malé, Maldives → tamale
40.5%
FLIM-FL*Amman, Jordan → flim-flam man
33.5%
IN THE L*LYSISAstana, Kazakhstan → in the last analysis
30.7%
COXSAC*IRUSKiev, Ukraine → Coxsackievirus
18.2%
*GENTDili, Timor-Leste → diligent
16.7%
MET*C ACIDHanoi, Vietnam → methanoic acid
12.1%
KA*YMinsk, Belarus → Kaminsky
12%

You're not logged in!

Compare scores with friends on all Sporcle quizzes.
Sign Up with Email
OR
Log In

You Might Also Like...

Show Comments

Extras

Top Quizzes Today


Score Distribution

Your Account Isn't Verified!

In order to create a playlist on Sporcle, you need to verify the email address you used during registration. Go to your Sporcle Settings to finish the process.